The man who bent light : a memoir (Record no. 544596)

MARC details
000 -LEADER
fixed length control field 01182nam a2200181Ia 4500
008 - FIXED-LENGTH DATA ELEMENTS--GENERAL INFORMATION
fixed length control field 240825s9999 xx 000 0 und d
020 ## - INTERNATIONAL STANDARD BOOK NUMBER
ISBN 9788195256600
Paper back/Hardbound Hbk
041 ## - LANGUAGE CODE
Language code of text/sound track or separate title eng
082 ## - DEWEY DECIMAL CLASSIFICATION NUMBER
Classification number 921
Item number KAP
100 ## - MAIN ENTRY--AUTHOR NAME
Personal name Kapany, Narinder Singh
245 #4 - TITLE STATEMENT
Title The man who bent light : a memoir
Statement of responsibility, etc / Narinder Singh Kapany
260 ## - PUBLICATION, DISTRIBUTION, ETC. (IMPRINT)
Name of publisher Roli books
Year of publication 2021
Place of publication Chennai
300 ## - PHYSICAL DESCRIPTION
Number of Pages 277 p. :
Other physical details ill. ;
Dimensions 23 c.m.
504 ## - BIBLIOGRAPHY, ETC. NOTE
Bibliography, etc Includes index
520 ## - SUMMARY, ETC.
Summary, etc The father of fibre optics, Narinder Singh Kapany was far more than your typical multi-hyphenate. Inventor, art collector, sculptor, farmer, entrepreneur, teacher, and a successful businessman, Dr Kapany was what Fortune magazine in its 1999 issue called, 'one of the seven unsung heroes of the 20th century'. An insightful and inspirational life story, this memoir chronicles his 90 remarkable years. Charming, idiosyncratic, and highly engaging, The Man who Bent Light serves up enough variety and verve to celebrate the lives of a half-dozen individuals. But there is only one Narinder Singh Kapany, and his life, illuminated in his singular memoir, is a life like no other.
650 ## - SUBJECT ADDED ENTRY--TOPICAL TERM
Topical Term Businessmen United States Biography
942 ## - ADDED ENTRY ELEMENTS (KOHA)
Koha item type English Books
Holdings
Withdrawn status Lost status Damaged status Not for loan Home library Current library Shelving location Date acquired Cost, normal purchase price Full call number Accession Number Price effective from Koha item type
        Anna Centenary Library Anna Centenary Library 7TH FLOOR, B WING 18.04.2024 995.00 921 KAP 654476 25.08.2024 English Books
        Anna Centenary Library Anna Centenary Library 7TH FLOOR, B WING 18.04.2024 995.00 921 KAP 654477 25.08.2024 English Books

Find us on the map